100 Premiers Mots de Harry Potter et la Coupe de feu - Statistiques

Statistiques générales
  • Ce quiz a été pris 394 fois
  • Le résultat moyen est 38 sur 100
Statistiques - réponses
Mot % Correct
le
89%
à
86%
la
86%
de
83%
Les
72%
mais,
71%
du
70%
des
69%
se
59%
maison
55%
en
54%
Elle
52%
que
52%
au
48%
par
46%
avait
45%
qui
45%
est
39%
Jedusor
38%
ses
38%
plus.
37%
plus
37%
famille
36%
sort »,
34%
sort »
34%
habitants
33%
« Jeux
33%
y
29%
grand
28%
Little
28%
village,
26%
Hangleton
25%
sans
23%
colline
22%
toujours
22%
années
21%
même
21%
n'y
21%
vivait
21%
manoir
20%
d'un
19%
d'une
19%
fenêtres
19%
s'il
19%
eu
18%
nombreuses
18%
sommet
18%
l'appelaient
17%
c'était
14%
dressait
14%
toute
14%
toit
13%
dominant
12%
n'était
12%
certaines
11%
kilomètres
11%
lierre
11%
planches,
11%
plusieurs
11%
belle
10%
condamnées
10%
ronde
10%
tuiles
10%
Autrefois,
9%
dépourvu
9%
endroits,
9%
façade
9%
présent,
9%
doute
8%
épais
8%
majestueux
8%
nul
8%
apparence,
7%
envahie
7%
liberté.
7%
poussait
7%
édifice
6%
Aucun quiz correspondant
Distribution des résultats
% des personnes avec chaque résultat
Percentile par nombre de réponses
Votre historique - résultats
Vous n’avez pas pris ce quiz